Apex Predator Lyrics - Statistics

General Stats
  • This quiz has been taken 9 times
  • The average score is 189 of 277
Answer Stats
Answer % Correct
a
86%
I
86%
acme
71%
all
71%
and
71%
apex
71%
as
71%
at
71%
attack
71%
aware
71%
be
71%
beastly
71%
beasts
71%
because
71%
biosphere
71%
by
71%
can
71%
can't
71%
cat
71%
cower
71%
did
71%
do
71%
does
71%
dolls
71%
Don't
71%
don't
71%
eat
71%
eats
71%
every
71%
eyes
71%
fear
71%
follow
71%
fooled
71%
for
71%
from
71%
fun
71%
George
71%
girls
71%
go
71%
great
71%
hair
71%
halls
71%
has
71%
have
71%
her
71%
hitched
71%
i'm
71%
in
71%
is
71%
its
71%
it's
71%
Janis
71%
jungle
71%
kill
71%
kind
71%
kinda
71%
like
71%
literally
71%
mark
71%
me
71%
mess
71%
mice
71%
my
71%
nice
71%
no
71%
not
71%
now
71%
of
71%
people
71%
perfectly
71%
person
71%
pink
71%
playing
71%
power
71%
predator
71%
pride
71%
queen
71%
Regina
71%
ride
71%
safe
71%
say
71%
scatter
71%
school
71%
see
71%
shake
71%
she
71%
She's
71%
she's
71%
smell
71%
stalking
71%
stare
71%
steak
71%
still
71%
territory
71%
that
71%
the
71%
their
71%
them
71%
they
71%
this
71%
though
71%
thrill
71%
to
71%
tosses
71%
train
71%
victim
71%
was
71%
weren't
71%
when
71%
who
71%
with
71%
you
71%
your
71%
any
57%
bares
57%
but
57%
chain
57%
chance
57%
claws
57%
cool
57%
exotic
57%
food
57%
fur
57%
gotta
57%
hole
57%
I'd
57%
if
57%
keep
57%
less
57%
lioness
57%
mane
57%
new
57%
only
57%
our
57%
pant
57%
pet
57%
protected
57%
quarry
57%
reproductive
57%
suspected
57%
sweat
57%
things
57%
think
57%
threat
57%
us
57%
watch
57%
watering
57%
what
57%
braid
43%
doesn't
43%
heart
43%
how
43%
know
43%
outsmart
43%
prey
43%
will
43%
yet
43%
day
29%
friends
29%
jesus
29%
so
29%
you're
29%
No matching quizzes found
Score Distribution
Percent of People with Each Score
Percentile by Number Answered
Your Score History
You have not taken this quiz